header

Population ecology of raptors (Record no. 227306)

MARC details
000 -LEADER
fixed length control field 01248nam a2200325 a 4500
100 1# - MAIN ENTRY--AUTHOR NAME
Personal name Newton, Ian.
245 10 - TITLE STATEMENT
Title Population ecology of raptors
260 ## - PUBLICATION, DISTRIBUTION, ETC. (IMPRINT)
Place of publication Berhamsted [England] :
Name of publisher T & AD Poyser,
Year of publication 1979.
300 ## - PHYSICAL DESCRIPTION
Number of Pages 399 p., [16] leaves of plates :
Other physical details ill.
650 #0 - SUBJECT ADDED ENTRY--TOPICAL TERM
Topical Term Birds of prey
Topical Term Bird populations.
700 1# - ADDED ENTRY--PERSONAL NAME
Personal name Gammie, Jim.
856 40 - ELECTRONIC LOCATION AND ACCESS
Uniform Resource Identifier http://site.ebrary.com/lib/rucke/Doc?id=10486600

No items available.

© 2026 Rongo University
Contact us: librarian | system librarian | Rongo university